Vision: sustainability (Record no. 117722)
[ view plain ]
| 000 -LEADER | |
|---|---|
| fixed length control field | 01534cam a2200313 4500 |
| 001 - CONTROL NUMBER | |
| control field | ABS68019 |
| 008 - FIXED-LENGTH DATA ELEMENTS--GENERAL INFORMATION | |
| fixed length control field | 040716n2004 000 0 eng u |
| 035 ## - SYSTEM CONTROL NUMBER | |
| System control number | (Sirsi) u126819 |
| 100 ## - MAIN ENTRY--PERSONAL NAME | |
| Personal name | Watts, R. |
| 245 ## - TITLE STATEMENT | |
| Title | Vision: sustainability |
| 260 ## - PUBLICATION, DISTRIBUTION, ETC. | |
| Date of publication, distribution, etc. | 2004 |
| 490 ## - SERIES STATEMENT | |
| Series statement | Estates Gazette |
| Volume/sequential designation | (0428) 10 July 2004, 162-167(6) |
| 520 ## - SUMMARY, ETC. | |
| Summary, etc. | Three articles looking at building sustainability. "Changes in the wind" raises concerns about the energy performance directive (Directive 2002/91/EC). From 4 January 2006, all buildings will require an energy performance certificate which is no more than 10 years old. "Money-making atmosphere?" suggests that air condition rules on limiting carbon emissions could be a source of income for the property industry. "Disparate themes fit together in a Concerto" focuses on the EU Concerto programme. Concerto offers grants in the region of 5m to 15m to developers implementing financially renewalable energy solutions. Describes the Renaissance Project headed by Bracknell Forest BC with support from TV Energy which secured 11.6m in funding from Concerto. |
| 590 ## - LOCAL NOTE (RLIN) | |
| Local note | ABS |
| 590 ## - LOCAL NOTE (RLIN) | |
| Local note | ABS |
| 650 ## - SUBJECT ADDED ENTRY--TOPICAL TERM | |
| Topical term or geographic name entry element | DIRECTIVE 2002/91/EC |
| 650 ## - SUBJECT ADDED ENTRY--TOPICAL TERM | |
| Topical term or geographic name entry element | ENERGY PERFORMANCE |
| 650 ## - SUBJECT ADDED ENTRY--TOPICAL TERM | |
| Topical term or geographic name entry element | CARBON DIOXIDE EMISSIONS |
| 650 ## - SUBJECT ADDED ENTRY--TOPICAL TERM | |
| Topical term or geographic name entry element | ENVIRONMENT |
| 9 (RLIN) | 6238 |
| 650 ## - SUBJECT ADDED ENTRY--TOPICAL TERM | |
| Topical term or geographic name entry element | ENERGY CONSUMPTION |
| 650 ## - SUBJECT ADDED ENTRY--TOPICAL TERM | |
| Topical term or geographic name entry element | UK EMISSIONS TRADING SCHEME |
| 650 ## - SUBJECT ADDED ENTRY--TOPICAL TERM | |
| Topical term or geographic name entry element | CONCERTO |
| 650 ## - SUBJECT ADDED ENTRY--TOPICAL TERM | |
| Topical term or geographic name entry element | SUSTAINABLE BUILDINGS |
| 650 ## - SUBJECT ADDED ENTRY--TOPICAL TERM | |
| Topical term or geographic name entry element | GRANTS |
| 650 ## - SUBJECT ADDED ENTRY--TOPICAL TERM | |
| Topical term or geographic name entry element | EU |
| 690 ## - LOCAL SUBJECT ADDED ENTRY--TOPICAL TERM (OCLC, RLIN) | |
| Topical term or geographic name as entry element | ENERGY |
| 9 (RLIN) | 6237 |
| 700 ## - ADDED ENTRY--PERSONAL NAME | |
| Personal name | Tinworth, A. |
| 942 ## - ADDED ENTRY ELEMENTS (KOHA) | |
| Suppress in OPAC | 0 |
| Withdrawn status | Lost status | Source of classification or shelving scheme | Damaged status | Not for loan | Home library | Current library | Shelving location | Date acquired | Total Checkouts | Full call number | Barcode | Date last seen | Copy number | Price effective from | Koha item type |
|---|---|---|---|---|---|---|---|---|---|---|---|---|---|---|---|
| Dewey Decimal Classification | London | London | Journal article | 16/07/2004 | ABS68019 | 126819-1001 | 06/08/2019 | 1 | 06/08/2019 | Journal article |